Букварь (Запись № 4761068)

Подробности
000 -МАРКЕР
контрольное поле 01368nam0a2200325 4500
001 - ИДЕНТИФИКАТОР ЗАПИСИ
контрольное поле RU\NLR\bibl\2076477
005 - ИДЕНТИФИКАТОР ВЕРСИИ
контрольное поле 20260406024120.0
010 ## - МЕЖДУНАРОДНЫЙ СТАНДАРТНЫЙ НОМЕР КНИГИ (ISBN)
Номер (ISBN) 978-5-09-031474-9
Тираж 3000
021 ## - НОМЕР ГОСУДАРСТВЕННОЙ РЕГИСТРАЦИИ
Код страны Российская Федерация
Номер 2013-66345
Номер Листа государственной регистраци 4542
035 ## - ДРУГИЕ СИСТЕМНЫЕ НОМЕРА
Идентификатор записи (NLR Aleph) 002071571
100 ## - ДАННЫЕ ОБЩЕЙ ОБРАБОТКИ
Данные общей обработки 20130927d2013 |||y0rusy50 ca
101 0# - ЯЗЫК РЕСУРСА
Язык текста, звукозаписи и т.д. русский
102 ## - СТРАНА ПУБЛИКАЦИИ ИЛИ ПРОИЗВОДСТВА
Страна публикации Российская Федерация
105 ## - ПОЛЕ КОДИРОВАННЫХ ДАННЫХ: ТЕКСТОВЫЕ МАТЕРИАЛЫ, МОНОГРАФИЧЕСКИЕ
Кодированные данные о монографическом текстовом документе a zzzz|||||
200 1# - ЗАГЛАВИЕ И СВЕДЕНИЯ ОБ ОТВЕТСТВЕННОСТИ
Основное заглавие Букварь
Сведения, относящиеся к заглавию 1 класс
-- учебник для специальных (коррекционных) образовательных учреждений VIII вида
Первые сведения об ответственности А.К. Аксенова, С.В. Комарова, М.И. Шишкова
205 ## - СВЕДЕНИЯ ОБ ИЗДАНИИ
Сведения об издании 2-е изд., исправ.
210 ## - ПУБЛИКАЦИЯ, РАСПРОСТРАНЕНИЕ И ДР.
Место издания, распространения и т.д. Москва
Имя издателя, распространителя и т. д. Просвещение
Дата издания, распространения и т.д. 2013
215 ## - ФИЗИЧЕСКАЯ ХАРАКТЕРИСТИКА
Специфическое обозначение материала и объем 187, [2] с.
Другие сведения о физической характеристике цв. ил.
Размеры 27
606 1# - НАИМЕНОВАНИЕ ТЕМЫ КАК ПРЕДМЕТ
Наименование темы Русский язык
Формальный подзаголовок Буквари
Системный номер авторитетной/нормативной записи 1533567
Идентификатор авторитетной/нормативной записи RU\NLR\AUTH\66969347
686 ## - ИНДЕКСЫ ДРУГИХ КЛАССИФИКАЦИЙ
Индекс Ш141.12-921б
700 #1 - ИМЯ ЛИЦА - ПЕРВИЧНАЯ ОТВЕТСТВЕННОСТЬ
Начальный элемент ввода Аксенова
Часть имени, кроме начального элемента ввода А. К.
Расширение инициалов личного имени Алевтина Константиновна
Код отношения Автор
701 #1 - ИМЯ ЛИЦА - АЛЬТЕРНАТИВНАЯ ОТВЕТСТВЕННОСТЬ
Код отношения Автор
Графика поля Кириллица
Материалы, к которым относится поле rus
Начальный элемент ввода Комарова
Часть имени, кроме начального элемента ввода С. В.
Дополнения к именам, кроме дат канд. пед. наук
Расширение инициалов личного имени Софья Вадимовна
Системный номер авторитетной/нормативной записи 108595
Идентификатор авторитетной/нормативной записи RU\NLR\auth\77125670
701 #1 - ИМЯ ЛИЦА - АЛЬТЕРНАТИВНАЯ ОТВЕТСТВЕННОСТЬ
Начальный элемент ввода Шишкова
Часть имени, кроме начального элемента ввода М. И.
Расширение инициалов личного имени Маргарита Игоревна
Код отношения Автор
801 #0 - ИСТОЧНИК ЗАПИСИ
Страна Российская Федерация
Организация NLR
Дата составления 20130927
Правила каталогизации RCR
801 #1 - ИСТОЧНИК ЗАПИСИ
Страна Российская Федерация
Организация NLR
Дата составления 20130927
942 ## - ДОПОЛНИТЕЛЬНЫЕ ЭЛЕМЕНТЫ ЗАПИСИ (АБИС)
Тип экземпляра АБИС Книга
980 ## - КОЛЛЕКЦИЯ
Название коллекции Национальная библиография
Экземпляры
Тип экземпляра Дата поступления Источник поступления Библиотека постоянного хранения Библиотека текущего хранения Место хранения Штрих-код Статус экземпляра Шифр хранения Стоимость Нумерация / хронология для периодики Публичное примечание
Книга 27.09.2013 Обязательный экземпляр РНБ (Московский) РНБ (Московский) Обменный фонд 3962225          
Книга 27.09.2013 Обязательный экземпляр РНБ (Московский) РНБ (Московский) Русский книжный фонд: издания с 1957 года 1-125326   2013-7/4828      
Книга 27.11.2014 Обязательный экземпляр РНБ (Московский) РНБ (Московский) Обменный фонд 1-747598     110.00    
Книга 27.11.2014 Обязательный экземпляр РНБ (Московский) РНБ (Московский) Обменный фонд 1-747599     110.00    
Книга 03.11.2015 Обязательный экземпляр РНБ (Московский) РНБ (Московский) Обменный фонд 1-1169284     115.00 2016 Y
Книга 03.11.2015 Обязательный экземпляр РНБ (Московский) РНБ (Московский) Обменный фонд 1-1169283     125.00 2016 Y